000
00279 a2200109 4500
005
20251204143147.0
020
_a
9789354439384
100
_a
Karukuri V.
_9
215656
245
_a
Venky On Data Structures: For Those Who Hate Them
260
_b
PHI Learning P.Ltd.
_c
2025
942
_c
AR
999
_c
369274
_d
369274